Statistics for European Geography By Letter - M

Click here to take the quiz!

General Stats

  • This quiz has been taken 57,298 times
    (56,445 since last reset)
  • The average score is 14 of 20

Answer Stats

Clue Answer % Correct
Capital of SpainMadrid
98%
England's third-largest cityManchester
96%
Sea between Europe and AfricaMediterranean
93%
Island country in that same seaMalta
91%
Region in northern Greece where
Alexander the Great was born
Macedonia
85%
Industrial capital of ItalyMilan
84%
Poorest country in EuropeMoldova
83%
Capital of BavariaMunich
83%
Capital of BelarusMinsk
81%
Country just north of AlbaniaMontenegro
81%
World's most densely-populated countryMonaco
80%
Where Muscovites liveMoscow
77%
Major French city on that seaMarseille
77%
Swedish city by the Øresund BridgeMalmö
56%
Largest of the Balearic islandsMajorca
52%
Famous Swiss/Italian mountain peakMatterhorn
47%
River that flows past LiverpoolMersey
42%
River on which Frankfurt sitsMain
38%
Sea that separates the European and
Asian parts of Turkey
Sea of {Marmara}
26%
River where France repelled
Germany in WWI
Marne
21%

Score Distribution

Percentile by Number Answered

Percent of People with Each Score

Your Score History

You have not taken this quiz since the last reset